00698 2200241 4500001002100000005001700021008004100038020001800079035002400097040001200121082001000133090001700143100002200160245011500182250001100297260003000308300003000338650002500368700001900393700001700412850001200429990001500441YOGYA-0209000001488420090227022453.0 ind  a979-9146-42-3 0010-020900000014884 aYOPDYOG a338.4 a338.4bSug P aSUGIANTORO, Ronny aPariwisatabantara obsesi dan realitacRonny Sugiantoro ; penyunting, Sjamsu Dradjad ; ilustrasi, Edhi Arianto aCet. 1 aYogyakartabAdicitac2000 axvi, 155 hlmbilusc21 cm aPariwisata, Industri aDrajad, Syamsu aEdhi Arianto aYOPDYOG a01P0002718